| 000 | 00703nam a2200217 a 4500 | ||
|---|---|---|---|
| 001 | 1147564 | ||
| 005 | 20180123072035.0 | ||
| 008 | 950113s1995 wiuab 001 0 eng | ||
| 010 | _a 95104475 | ||
| 020 | _a1571850031 | ||
| 020 | _a157185004X (hardcover) | ||
| 040 |
_aDLC _cDLC |
||
| 041 | _aeng | ||
| 080 | _a37 PAT | ||
| 100 | 1 | _a47 | |
| 101 | _aEDU | ||
| 245 | 1 | 0 |
_aWrite source 2000 : _cwritten and compiled by Patrick Sebranek, Verne Meyer, Dave Kemper ; illustrated by Chris Krenzke. |
| 906 |
_a7 _bcbc _corignew _d3 _encip _f19 _gy-gencatlg |
||
| 942 |
_2ddc _cBK |
||
| 999 |
_c40778 _d40778 |
||